| 000 | 00554nam a2200181Ia 4500 | ||
|---|---|---|---|
| 001 | 7847 | ||
| 003 | GE_BSU | ||
| 008 | 181216s||||||||xx |||||||||||||| ||und|| | ||
| 040 | _cGE_BSU | ||
| 245 | _aИнформационно-управляющие системы №4(65) 2013 | ||
| 245 | _bНаучный журнал | ||
| 245 | _cГл.ред.М.Сергеев | ||
| 260 | _aСанкт-Петербург | ||
| 260 | _c2013 | ||
| 300 | _a108стр.29 см. | ||
| 653 | _aИнформационно-управляющие системы | ||
| 942 | _cCR | ||
| 999 |
_c41195 _d41195 |
||